00354nam a22001097a 4500020000800000040001600008082001800024100002600042245008600068260005000154300004000204 qPB. cFIZZA ISHAQ a621.3916bHAL aHaley, Meyers Dennis. aMike Meyers' A+ Guide: Essentials Lab Manual Exam 220-601 /cMeyers Dennis Haley. aNew York:bMcGraw-Hill Osborne Media ,c2007. a316 P. ;c8.4 x 0.66 x 10.9 inches,